Escriptura dibuixada : Exposició de l'Escola de la Dona Exposició de l'Escola de la Dona
Descripción Física:
1 fullet ; il·lustracions color ; 15 x 21 cm
Materias:
Barcelona (Catalunya : Província). -- Àrea de Feminismes i Igualtat -- Exposicions
; Barcelona (Catalunya : Província). -- Àrea de Feminismes i Igualtat -- Activitats culturals
; Fulletons
Idioma:
Catalán
MARC
| LEADER | 00000nam a22000007a 4500 | ||
|---|---|---|---|
| 001 | 28859 | ||
| 003 | AGDB | ||
| 005 | 20260324181531.0 | ||
| 008 | 250514b spa||||| |||| 00| 0 cat d | ||
| 017 | |a B 23676-2024 | ||
| 040 | |a agdb |b cat | ||
| 245 | |a Escriptura dibuixada : |b Exposició de l'Escola de la Dona | ||
| 260 | |a Barcelona : |b Diputació de Barcelona ; |c 2024 | ||
| 300 | |a 1 fullet ; |b il·lustracions color ; |c 15 x 21 cm | ||
| 500 | |a Flyer de l'exposició celebrada del 14 de gener al 12 de febrer de 2025, al Rebedor de l'Espai Francesca Bonnemaison. | ||
| 610 | 0 | |a Barcelona (Catalunya : Província). |b Àrea de Feminismes i Igualtat |x Exposicions |9 72055 | |
| 610 | 0 | |a Barcelona (Catalunya : Província). |b Àrea de Feminismes i Igualtat |x Activitats culturals |9 72056 | |
| 655 | 0 | |a Fulletons |9 55858 | |
| 710 | |a Barcelona (Catalunya : Província). |b Àrea de Feminismes i Igualtat |9 70582 | ||
| 942 | |2 udc |c ARXIU |n 1 | ||
| 952 | |0 0 |1 0 |4 0 |6 FU7877 |7 1 |9 98093 |a Arxiu |b Arxiu |d 2025-05-14 |l 0 |o FU-78-77 |p 28859 |r 2025-05-14 00:00:00 |w 2025-05-14 |y ARXIU | ||
| 999 | |c 129875 |d 129875 | ||